00738nam a2200157Ia 4500008004100000040001300041084002300054100001400077245015300091260004400244300002100288650011400309942000800423999001700431952013200448220325s9999 xx 000 0 und d aID-SmMUS a75535 YUW Gov Th.1 aYuwelsoni 0aPemanfaatan Elektronik Goverment dalam Meningkatakan Disiplin Pegawai (Studi Kasus Penggunaan Absensi Elektronik di Kantor Bupati Kabupaten Malinau) aSamarindabUniversitas Mulawarmanc2016 axiv + 92 halaman aTheses (Skripsi, Tesis, Disertasi)eT-H-EvSkripsi-PINxSkripsi-PIN-2016-DigitalyMeningkatkan Disiplin Kerja cTHE c17377d17377 00104070aPINLbPINLcSHELFd2022-03-26g10.00l0o75535 YUW Gov Th.1p7553501r2022-03-26w2022-03-26yTHEzSyarat Kelulusan